Štrukturálne zisťovanie fariem 2013 - komplexné výsledky

Enregistré dans:
Détails bibliographiques
Format: Livre
Langue:slovaque
anglais
Publié: Bratislava Štatistický úrad Slovenskej republiky 2015
Collection:Poľnohospodárstvo
Sujets:
Tags: Ajouter un tag
Pas de tags, Soyez le premier à ajouter un tag!

MARC

LEADER 00000nlm$a2200000$$$4500
001 0211209
005 20240827082936.6
020 |a 978-80-8121-436-3 
041 0 |a slo 
041 0 |a eng 
044 |a SK 
245 1 0 |a Štrukturálne zisťovanie fariem 2013 - komplexné výsledky 
264 1 |a Bratislava  |b Štatistický úrad Slovenskej republiky  |c 2015 
300 |a 130 s. 
490 1 |a Poľnohospodárstvo 
830 0 |a Poľnohospodárstvo 
500 |a Zdroj dokumentu: Štatistický úrad SR 
610 2 0 |a farmy 
610 2 0 |a pôda poľnohospodárska 
610 2 0 |a plodiny poľnohospodárske 
610 2 0 |a zvieratá 
610 2 0 |a sily pracovné 
610 2 0 |a ekológia 
610 2 0 |a kraje 
610 2 0 |a Slovensko